01462nam a2200397Ia 4500001001200000003000800012006001900020007001500039008004100054010001700095020001500112020003300127020003300160040002100193035002100214050002600235082001800261245011500279260005200394300001500446490003400461504005100495533015200546650001600698650001200714650002400726650002800750655002900778700001800807700002300825700002100848710001700869830003500886856012600921999001701047ebr10095055CaPaEBRm u cr cn|||||||||990527s2000 enk sb 001 0 eng d z 99035798  z0203484568 z074840824X (hb : alk. paper) z0748408231 (pb : alk. paper) aCaPaEBRcCaPaEBR a(OCoLC)56006229814aRC963.48b.C67 2000eb04a155.9/04222100aCoping, health, and organizationsh[electronic resource] /cedited by Philip Dewe, Michael Leiter and Tom Cox. aLondon ;aNew York :bTaylor & Francis,cc2000. axx, 301 p.1 aIssues in occupational health aIncludes bibliographical references and index. aElectronic reproduction.bPalo Alto, Calif. :cebrary,d2009.nAvailable via World Wide Web.nAccess may be limited to ebrary affiliated libraries. 0aJob stress. 0aHealth. 0aStress (Psychology) 0aAdjustment (Psychology) 7aElectronic books.2local1 aDewe, Philip.1 aLeiter, Michael P.1 aCox, Tom,d1947-2 aebrary, Inc. 0aIssues in occupational health.40uhttp://site.ebrary.com/lib/rucke/Doc?id=10095055zAn electronic book accessible through the World Wide Web; click to view c98522d98522